[Event "ROU-chT Women Superliga 2018"]
[Site "Sovata"]
[Date "2018.11.27"]
[Round "3"]
[White "Paehtz, Elisabeth"]
[Black "Marin, Irina-Luiza"]
[Result "1-0"]
[WhiteElo "2495"]
[BlackElo "2032"]
[Annotator "TA"]
[PlyCount "59"]
[EventDate "2018.11.24"]
[EventType "team-tourn"]
[EventCountry "ROU"]
[SourceTitle "playchess.com"]
[Source "ChessBase"]
[SourceQuality "1"]

{[%evp 9,59,32,23,9,68,51,78,30,25,25,110,83,104,88,102,38,69,65,135,125,139,103,102,99,139,139,139,131,231,237,319,318,441,437,656,663,625,599,736,744,733,627,647,632,720,688,985,966,1725,1700,1708,1596]} 1. d4 f5 2. c4 Nf6 3. Nc3 g6 4. Bg5 Bg7 5. h4 {[%cal Bh2h4,Bh4h5,Bh5h6][%mdl 32]} (5. Bxf6 Bxf6 6. e4 d6 7. Nf3 Nc6 8. exf5 Bxf5 9. d5 Bxc3+ 10. bxc3 Ne5 11. Nd4 O-O 12. Be2 e6 13. O-O exd5 14. Nxf5 gxf5 {½-½ (73) Oleksienko,M (2621)-Petrosian,T (2651) Al Ain 2014}) 5... d6 {LiveBook: 10 Games} 6. Nh3 {A85: Dutch Defence: 2 c4 Nf6 3 Nc3} Be6 ({Better is} 6... Ne4 $11) 7. e3 c6 8. Be2 $146 {White is better.} ({Predecessor:} 8. Nf4 Bf7 9. h5 O-O 10. hxg6 hxg6 11. Qf3 Nh7 12. Rxh7 Kxh7 {1-0 (39) Napoli,N (2292)-Marincolo,P (1939) Bagnara Calabra 2008}) 8... Nbd7 9. h5 Qa5 (9... Nxh5 $11 {keeps the balance.} 10. Bxh5 gxh5) 10. Qd2 Bf7 11. h6 Bf8 12. O-O-O ({White should play} 12. b4 $16 Qc7 13. a4) 12... Qb4 13. b3 $36 {[%mdl 2048] White has the initiative.} Qa3+ (13... e5 $14) 14. Kb1 $16 a5 15. Bxf6 exf6 16. Nf4 a4 17. Nxa4 Be7 18. Qb2 Rxa4 (18... Qb4 $16 {might work better.} 19. Nc3 O-O) 19. bxa4 $18 Qxa4 20. Rd3 {[%cal Bd1d3,Bd3a3,Ba3a7][%mdl 32]} ({Not} 20. Qxb7 $2 O-O $19) 20... Qa5 21. Ra3 {White is clearly winning.} Qd8 (21... Qc7 $142 22. Ra8+ Bd8) 22. Qxb7 {[#] Threatens to win with Ra8.} O-O 23. Qxc6 Qc8 24. Qxc8 Rxc8 25. Ra7 Rd8 26. Rb7 Bf8 27. Kc2 Nb8 28. Bf3 Bxc4 29. Bd5+ Bxd5 30. Nxd5 {Accuracy: White = 76%, Black = 20%.} 1-0

[Event "ROU-chT Women Superliga 2018"]
[Site "Sovata"]
[Date "2018.11.27"]
[Round "3"]
[White "Javakhishvili, Lela"]
[Black "Didiliuc, Dariana-Gabriela"]
[Result "1-0"]
[WhiteElo "2477"]
[BlackElo "1784"]
[Annotator "TA"]
[PlyCount "97"]
[EventDate "2018.11.24"]
[EventType "team-tourn"]
[EventCountry "ROU"]
[SourceTitle "playchess.com"]
[Source "ChessBase"]
[SourceQuality "1"]

{[%evp 14,97,4,-15,30,22,47,39,27,36,81,81,193,180,195,199,186,202,176,193,186,198,246,209,207,215,208,205,218,204,189,201,236,233,264,254,288,289,280,221,305,305,305,305,305,257,295,268,305,284,305,305,305,267,322,325,388,339,331,262,329,328,325,316,497,502,678,719,690,690,620,604,29985,340,308,323,338,338,334,292,278,259,755,707,29998,29999]} 1. d4 Nf6 2. Nf3 g6 3. Bg5 Bg7 4. Nbd2 d5 5. e3 O-O 6. b4 c6 {D03: 1 d4 d5 2 Nf3 Nf6 3 Bg5, including Torre Attack with early ...d5} 7. Be2 Nbd7 8. O-O {LiveBook: 5 Games} b6 {The position is equal.} 9. c4 $146 ({Predecessor:} 9. c3 Bb7 10. Qb3 Qc8 11. Rab1 Qe8 12. a4 e5 13. Rfc1 Rc8 14. Bh4 Ba8 {1-0 (46) Mikhalevski,V (2511)-Erenberg,A (2366) Budapest 2017}) 9... c5 10. bxc5 bxc5 11. Rc1 cxd4 12. Nxd4 e5 (12... h6 $16 {was worth a try.}) 13. Nc6 $18 Qe8 14. cxd5 Nxd5 15. Nc4 N7b6 {[#]} 16. Nxb6 $1 Nxb6 17. Be7 Bb7 18. Bxf8 Bxf8 {[#]} 19. Na5 $1 {[%cal Ra5b7]} Bd5 20. Bc4 Rd8 21. Bxd5 Rxd5 22. Qe1 Qb5 {aiming for ...Bb4.} 23. Nc6 Nc4 24. Qe2 Rc5 25. Nxa7 Qa4 26. Rc3 Nxe3 27. Qxe3 ({Don't play} 27. Rxe3 Bg7 $18) 27... Rxc3 28. Qxc3 Qxa7 {[%mdl 4096] Endgame KQR-KQB} 29. Qc2 ({Don't take} 29. Qxe5 Qxa2 30. g3 Qc2 $18) 29... Bc5 30. Kh1 Bd4 31. Qe2 Qa8 32. f3 Kg7 33. Rd1 Qa5 34. f4 Bc3 35. fxe5 Bxe5 36. Re1 Bc3 37. Rf1 Be5 38. Qc4 f6 (38... Qa7 $142 39. a4 f6) 39. Rd1 {Rd7+ would kill now.} h5 40. Rd7+ Kh6 41. Qc1+ g5 42. Qb1 {[%csl Gb1][%cal Rd7h7]} g4 43. Qc1+ $2 (43. h4 {mates} gxh3 44. Rh7+ Kg5 45. Rg7+ Kf4 46. Qf1+ Ke3 47. Qf3+ {[%mdl 64] Double Attack} Kd4 48. Rd7+ Bd6 49. Rxd6+ {[%mdl 64] Double Attack} Kc5 50. Qd5+ Kb4 51. Qb3+ Kc5 52. Rd5+ Kc6 53. Rxa5) 43... Kg6 44. Qc2+ f5 {[%cal Ra5e1]} 45. Rd1 h4 46. Qc6+ Kg5 47. Qd5 Qc7 $2 (47... Qa4 48. Re1 Bc3) 48. Qd8+ Kf4 49. Qd2+ {Accuracy: White = 68%, Black = 20%.} 1-0

[Event "ROU-chT Women Superliga 2018"]
[Site "Sovata"]
[Date "2018.11.27"]
[Round "3"]
[White "Peptan, Corina-Isabela"]
[Black "Raeva, Elitsa"]
[Result "1/2-1/2"]
[WhiteElo "2378"]
[BlackElo "2252"]
[Annotator "TA"]
[PlyCount "112"]
[EventDate "2018.11.24"]
[EventType "team-tourn"]
[EventCountry "ROU"]
[SourceTitle "playchess.com"]
[Source "ChessBase"]
[SourceQuality "1"]

{[%evp 23,112,7,11,0,-8,-12,0,-9,0,4,17,0,19,9,21,23,16,-16,-23,-40,-6,0,-28,-27,-22,-16,0,-37,-30,-28,-34,-52,-48,-52,-51,-59,-46,-68,-74,-66,-37,-72,-72,-66,-70,-110,-95,-137,-109,-125,-70,-114,-92,-102,-71,-74,-77,-77,-31,-31,-30,-31,-30,-50,-35,-42,-32,-56,-58,-63,-30,-31,-18,-27,0,-36,-33,-27,0,0,0,2,2,0,0,2,29,25,28,22,23]} 1. d4 Nf6 2. Nf3 e6 3. g3 d5 4. Bg2 Bd6 5. c4 O-O 6. O-O b6 7. Nc3 Bb7 8. cxd5 exd5 9. Nb5 {D02: 1 d4 d5 2 Nf3 sidelines, including 2...Nf6 3 g3 and 2...Nf6 3 Bf4} (9. Bg5 Nbd7 10. Nb5 Be7 11. Bf4 c5 12. Rc1 Bc6 13. Nc3 Rc8 14. Ne5 Ba8 15. dxc5 Nxc5 16. Nb5 a6 {0-1 (35) Jumabayev,R (2609)-Moiseenko,V (2528) St Petersburg 2016}) 9... Be7 10. Bf4 Na6 {[%cal Bb8a6,Ba6c7,Bc7e6][%mdl 32]} 11. Rc1 c6 12. Nc3 Nc7 {LiveBook: 4 Games} 13. Rc2 Ne6 14. Bc1 Re8 $146 ({Predecessor:} 14... Bd6 15. Ng5 Re8 16. Qd3 Nc7 {0-1 (72) Khomeriki,N (2317)-Gvetadze,S (2285) Tbilisi 2017}) 15. b3 Bb4 16. Bb2 Qe7 17. Qc1 Rad8 18. Rd1 Bd6 19. e3 h6 20. Nh4 Ng5 21. Nf5 Qe6 22. Nxd6 Rxd6 23. Ba3 Rdd8 24. Re1 Qf5 25. Qd1 Nh3+ 26. Bxh3 $1 Qxh3 27. Qf3 Ne4 {White must now prevent ...Ng5.} 28. Qg2 Qf5 {Threatens to win with ...Ng5.} 29. g4 Qg6 30. f3 Nxc3 31. Rxc3 Qf6 32. Rec1 Re6 33. Qf2 Rde8 34. R1c2 Qg6 35. Bc1 f5 36. Qg3 Qf7 (36... fxg4 $17 37. Qxg4 Qf7) 37. gxf5 Qxf5 {[#] And now ...Rg6 would win.} 38. Rg2 {[%csl Gg2][%cal Rg3g7]} R8e7 (38... Qf7 {looks sharper.} 39. Rcc2 Rf6 40. Rcf2 Ba6 41. h4 Bd3) 39. h3 Rf6 40. f4 Bc8 {Hoping for ...Qh5.} (40... Ref7 {keeps more tension.} 41. Kh2 Qe6 42. Qg4 Qe8 43. Qh5 Qf8) 41. Qg4 $1 Bd7 {[%cal Bc8d7,Bd7f5,Bf5e4][%mdl 32]} 42. Qxf5 $1 Bxf5 43. Kh2 Be4 44. Rg1 Kf7 45. h4 Ree6 46. Bd2 Re8 47. Be1 Rh8 48. Bg3 Re8 49. Rgc1 Bf5 50. b4 {[%cal Bb3b4,Bb4b5][%mdl 32]} Rfe6 51. Bf2 $1 Rc8 {[#]} 52. b5 $1 {[%mdl 512]} Ke7 (52... cxb5 53. Rxc8) 53. bxc6 Rc7 54. h5 g6 55. Bh4+ Ke8 56. hxg6 Rxg6 {Precision: White = 50%, Black = 59%.} 1/2-1/2

[Event "ROU-chT Women Superliga 2018"]
[Site "Sovata"]
[Date "2018.11.27"]
[Round "3"]
[White "L'Ami, Alina"]
[Black "Popa, Andrada"]
[Result "1-0"]
[WhiteElo "2285"]
[BlackElo "1598"]
[Annotator "NA"]
[PlyCount "91"]
[EventDate "2018.11.24"]
[EventType "team-tourn"]
[EventCountry "ROU"]
[SourceTitle "playchess.com"]
[Source "ChessBase"]
[SourceQuality "1"]
[TimeControl "40/5400+30:1800+30"]

1. d4 {[%emt 0:00:00]} d5 {[%emt 0:01:38]} 2. c4 {[%emt 0:00:00]} e6 {[%emt 0:00:05]} 3. Nf3 {[%emt 0:00:00]} Nf6 {[%emt 0:00:10]} 4. Nc3 {[%emt 0:00:00]} Be7 {[%emt 0:00:11]} 5. Bg5 {[%emt 0:00:25]} O-O {[%emt 0:01:48]} 6. e3 {[%emt 0:00:03]} h6 {[%emt 0:07:56]} 7. Bh4 {[%emt 0:00:47]} c5 {[%emt 0:00:59]} 8. dxc5 {[%emt 0:07:12] D56: Queen's Gambit Declined: Lasker Defence} (8. cxd5 Nxd5 9. Bxe7 Qxe7 10. Nxd5 exd5 11. dxc5 Qxc5 12. Be2 Nc6 13. O-O Rd8 14. Rc1 Qb4 15. b3 Bf5 {0-1 (61) Sobina,P (2199)-Slastikhin,V (1846) Voronezh 2018}) 8... Qa5 {[%emt 0:12:56]} 9. cxd5 {[%emt 0:02:32]} Nxd5 {[%emt 0:06:01]} 10. Bxe7 {[%emt 0:06:46]} Nxe7 {[%emt 0:00:14]} 11. Qd4 {[%emt 0:05:20]} Nec6 $146 {[%emt 0:11:16]} ({Predecessor:} 11... Nbc6 12. Qc4 e5 13. Qb5 Qc7 14. Be2 Bd7 15. O-O Rad8 {1-0 (37) Engels,L-Brinckmann,A Bad Oeynhausen 1939}) 12. Qc4 {[%emt 0:01:47]} Nd7 {[%emt 0:06:13]} 13. Qb5 {[%emt 0:04:45]} Qb4 {[%emt 0:06:51]} 14. a3 {[%emt 0:05:09]} Qxc5 {[%emt 0:02:58]} 15. Qxc5 {[%emt 0:00:21]} Nxc5 {[%emt 0:00:07]} 16. b4 {[%emt 0:01:39]} Nd7 {[%emt 0:01:08]} 17. Be2 {[%emt 0:02:12]} b6 {[%emt 0:03:35]} 18. Rd1 {[%emt 0:03:29]} Nf6 {[%emt 0:02:01]} 19. Nd2 {[%emt 0:02:51]} Bb7 {[%emt 0:02:10]} 20. Bf3 {[%emt 0:00:22]} Rab8 {[%emt 0:00:47]} 21. Ke2 {[%emt 0:06:02]} Ne5 {[%emt 0:03:31]} 22. Bxb7 {[%emt 0:00:21]} Rxb7 {[%emt 0:00:09]} 23. f4 {[%emt 0:00:23]} Nc6 {[%emt 0:04:37]} 24. Rc1 {[%emt 0:09:54]} Rd8 {[%emt 0:03:55]} 25. Rhd1 {[%emt 0:02:09]} Rbd7 {[%emt 0:06:15]} 26. Nf3 {[%emt 0:00:39]} Rxd1 {[%emt 0:03:18]} 27. Nxd1 {[%emt 0:01:10]} Ne7 {[%emt 0:01:36]} 28. Nf2 {[%emt 0:01:08]} Ned5 {[%emt 0:02:58]} 29. g3 {[%emt 0:00:26]} Kf8 $14 {[%emt 0:05:13]} 30. Ne5 {[%emt 0:04:24]} Ne7 {[%emt 0:02:10]} 31. e4 {[%emt 0:02:16]} Rc8 {[%emt 0:01:34]} 32. Rd1 {[%emt 0:00:02]} Ke8 {[%emt 0:00:34]} 33. Rd3 {[%emt 0:01:38]} Rd8 {[%emt 0:00:53]} 34. Rxd8+ {[%emt 0:00:29]} Kxd8 {[%emt 0:00:06]} 35. Nxf7+ {[%emt 0:00:03]} Kd7 {[%emt 0:00:21]} 36. Ne5+ {[%emt 0:00:09]} Kd6 {[%emt 0:00:18]} 37. Ke3 {[%emt 0:01:12]} h5 {[%emt 0:01:18]} 38. Nfd3 {[%emt 0:02:26]} Neg8 {[%emt 0:00:31]} 39. h3 {[%emt 0:01:28]} Nh6 {[%emt 0:00:17]} 40. b5 {[%emt 0:00:00]} Nd7 {[%emt 0:00:00]} 41. Nxd7 {[%emt 0:06:08]} Kxd7 {[%emt 0:00:35]} 42. Kd4 {[%emt 0:00:06]} Kd6 {[%emt 0:00:25]} 43. Nb2 {[%emt 0:00:22]} Nf7 {[%emt 0:01:31]} 44. Nc4+ {[%emt 0:00:05]} Ke7 {[%emt 0:00:33]} 45. Ne5 {[%emt 0:01:33]} Nd6 {[%emt 0:01:35]} 46. Nc6+ {[%emt 0:00:42]} 1-0

[Event "ROU-chT Women Superliga 2018"]
[Site "Sovata"]
[Date "2018.11.27"]
[Round "3"]
[White "Dragomirescu, Angela"]
[Black "Ciolacu, Alessia-Mihaela"]
[Result "1/2-1/2"]
[WhiteElo "2275"]
[BlackElo "1972"]
[Annotator "NA RC"]
[PlyCount "113"]
[EventDate "2018.11.24"]
[EventType "team-tourn"]
[EventCountry "ROU"]
[SourceTitle "playchess.com"]
[Source "ChessBase"]
[SourceQuality "1"]
[TimeControl "40/5400+30:1800+30"]

1. Nf3 {[%emt 0:00:00]} d5 {[%emt 0:00:11]} 2. g3 {[%emt 0:00:32]} Nf6 {[%emt 0:01:42]} 3. Bg2 {[%emt 0:00:06]} e6 {[%emt 0:00:34]} 4. O-O {[%emt 0:03:32]} Bd6 {[%emt 0:00:40]} 5. d3 {[%emt 0:02:46]} O-O {[%emt 0:01:47]} 6. Re1 {[%emt 0:04:05] A07: Réti Opening: New York and Capablanca Systems} (6. Nbd2 c6 7. e4 Nbd7 8. Qe2 e5 9. Nh4 Re8 10. Nf5 Bf8 11. h3 g6 12. Ne3 Nb6 13. Rd1 Bg7 {½-½ (62) Laznicka,V (2674)-Plat,V (2483) Prague 2012}) 6... c6 {[%emt 0:07:19]} 7. Nbd2 {[%emt 0:09:18]} Re8 {[%emt 0:02:00]} 8. e4 {[%emt 0:01:17]} e5 {[%emt 0:01:15]} 9. h3 {[%emt 0:13:23]} a5 $146 {[%emt 0:03:20]} ({Predecessor:} 9... h6 10. Nf1 d4 11. g4 Nh7 12. Ng3 c5 {1-0 (36) Martinovic,S (2525)-Vucic,M (1885) Bjelolasica 2009}) 10. Nf1 {[%emt 0:05:58]} Nbd7 {[%emt 0:03:44]} 11. exd5 {[%emt 0:03:53]} cxd5 {[%emt 0:00:19]} 12. c4 {[%emt 0:05:40]} d4 {[%emt 0:17:28]} 13. N1d2 {[%emt 0:10:34]} ({White should try} 13. g4 $15) 13... h6 {[%emt 0:10:14]} 14. Nh4 {[%emt 0:04:10]} Nc5 {[%emt 0:04:40]} 15. Nb3 {[%emt 0:01:00]} Na6 {[%emt 0:01:49]} 16. Bd2 {[%emt 0:10:48]} a4 {[%emt 0:06:19]} 17. Nc1 {[%emt 0:00:03]} Nc5 {[%emt 0:00:35]} 18. Bb4 {[%emt 0:07:19]} Bd7 {[%emt 0:05:00]} 19. Ba3 {[%emt 0:04:18]} Qc7 {[%emt 0:04:35]} 20. Rb1 {[%emt 0:04:05]} Nh7 {[%emt 0:13:45]} 21. Kh2 {[%emt 0:03:15]} Ng5 {[%emt 0:01:43]} 22. Nf3 {[%emt 0:00:22]} Nge6 {[%emt 0:03:08]} 23. Qd2 {[%emt 0:03:31]} f5 {[%emt 0:04:48]} 24. Bxc5 {[%emt 0:00:16]} Nxc5 {[%emt 0:00:16]} 25. b4 {[%emt 0:00:07]} axb3 {[%emt 0:00:28]} 26. axb3 {[%emt 0:00:01]} Bc6 {[%emt 0:02:55]} 27. b4 {[%emt 0:00:54]} Nxd3 {[%emt 0:02:16]} 28. Nxd3 {[%emt 0:01:22]} Bxf3 {[%emt 0:00:15]} 29. Bxf3 {[%emt 0:00:13]} e4 {[%emt 0:00:05]} 30. c5 {[%emt 0:01:32]} Bf8 {[%emt 0:00:22]} 31. Bg2 {[%emt 0:00:20]} exd3 {[%emt 0:00:17]} 32. Qxd3 {[%emt 0:00:27]} Qd7 {[%emt 0:01:11]} 33. Rxe8 {[%emt 0:00:47]} Rxe8 {[%emt 0:00:05]} 34. Rd1 {[%emt 0:00:30]} Rd8 {[%emt 0:00:17]} 35. Qf3 {[%emt 0:00:32]} b6 {[%emt 0:01:35]} 36. c6 {[%emt 0:00:31]} Qe6 {[%emt 0:00:22]} 37. b5 {[%emt 0:00:29]} g6 {[%emt 0:00:24]} 38. Qd3 {[%emt 0:00:31]} Bc5 {[%emt 0:00:21]} 39. Ra1 {[%emt 0:00:18]} Re8 {[%emt 0:00:46]} 40. Ra7 {[%emt 0:00:00]} Re7 {[%emt 0:00:00]} 41. Rxe7 {[%emt 0:24:00]} Qxe7 {[%emt 0:01:11]} 42. h4 {[%emt 0:01:14]} Qe5 {[%emt 0:08:47]} 43. Qf3 {[%emt 0:03:03]} ({White should play} 43. Qb3+ $18 Kf8 44. Qa2) 43... Bd6 {[%emt 0:00:59]} 44. Qd5+ {[%emt 0:02:07]} Kf8 {[%emt 0:06:08]} 45. f4 {[%emt 0:01:59]} Qxd5 {[%emt 0:01:08]} 46. Bxd5 {[%emt 0:00:02]} g5 {[%emt 0:03:38]} 47. fxg5 {[%emt 0:00:26]} ({Not} 47. hxg5 hxg5 48. fxg5 Kg7 $16) 47... hxg5 {[%emt 0:00:09]} 48. h5 {[%emt 0:01:52]} Kg7 $1 {[%emt 0:04:01]} 49. Be6 {[%emt 0:00:20]} Kh6 {[%emt 0:00:56]} (49... Kf6 $5 {[%cal Rf6e6]} 50. Bc4 g4 $11) 50. Bxf5 {[%emt 0:00:05]} Kxh5 {[%emt 0:00:22]} 51. Kh3 {[%emt 0:00:10]} Kh6 {[%emt 0:00:40]} 52. Kg4 {[%emt 0:00:04]} Kg7 {[%emt 0:00:04]} 53. Kxg5 {[%emt 0:01:46]} Bxg3 {[%emt 0:00:10]} 54. Be6 {[%emt 0:00:24]} Kf8 {[%emt 0:01:04]} 55. Kf6 {[%emt 0:00:33]} Ke8 {[%emt 0:00:07]} 56. Bf5 {[%emt 0:00:27]} Kd8 {[%emt 0:00:05]} 57. Ke6 $14 1/2-1/2

[Event "ROU-chT Women Superliga 2018"]
[Site "Sovata"]
[Date "2018.11.27"]
[Round "3"]
[White "Cosman, Andreea-Marioara"]
[Black "Visanescu, Daria-Ioana"]
[Result "1-0"]
[WhiteElo "2176"]
[BlackElo "2096"]
[Annotator "NA"]
[PlyCount "62"]
[EventDate "2018.11.24"]
[EventType "team-tourn"]
[EventCountry "ROU"]
[SourceTitle "playchess.com"]
[Source "ChessBase"]
[SourceQuality "1"]
[TimeControl "40/5400+30:1800+30"]

1. d4 {[%emt 0:00:00]} d5 {[%emt 0:02:53]} 2. c4 {[%emt 0:00:00]} dxc4 {[%emt 0:00:43]} 3. Nf3 {[%emt 0:00:00]} Nf6 {[%emt 0:00:19]} 4. e3 {[%emt 0:00:00]} Bg4 {[%emt 0:00:49]} 5. Bxc4 {[%emt 0:01:12]} e6 {[%emt 0:00:57]} 6. O-O {[%emt 0:00:05]} Nc6 {[%emt 0:00:23]} 7. Be2 {[%emt 0:04:11]} Bd6 {[%emt 0:00:58]} 8. Nbd2 {[%emt 0:02:18]} O-O {[%emt 0:03:48]} 9. Nc4 {[%emt 0:00:50]} Be7 {[%emt 0:03:28]} 10. b3 {[%emt 0:01:18]} Nd5 {[%emt 0:01:07]} 11. Bb2 {[%emt 0:00:34]} Bf6 {[%emt 0:00:06]} 12. Qd2 {[%emt 0:06:21]} Re8 {[%emt 0:14:50]} 13. Rfd1 {[%emt 0:04:12]} a5 {[%emt 0:07:53]} 14. Rac1 {[%emt 0:09:44]} a4 {[%emt 0:01:33]} 15. Nfe5 {[%emt 0:06:51]} Bxe2 {[%emt 0:02:50]} 16. Nxc6 {[%emt 0:03:10]} bxc6 {[%emt 0:00:04]} 17. Qxe2 {[%emt 0:00:05]} axb3 {[%emt 0:00:23]} 18. axb3 $11 {[%emt 0:02:06]} Qb8 {[%emt 0:00:32]} 19. e4 {[%emt 0:10:50]} Bg5 {[%emt 0:04:04]} 20. Ra1 {[%emt 0:01:55]} Rxa1 {[%emt 0:02:23]} 21. Rxa1 {[%emt 0:01:17]} Nf4 {[%emt 0:05:41]} 22. Qf3 {[%emt 0:00:33]} Ng6 {[%emt 0:03:48]} 23. Qc3 {[%emt 0:04:36]} Bf6 {[%emt 0:02:59]} 24. Qc2 {[%emt 0:07:58]} Rd8 {[%emt 0:05:36]} 25. Na5 {[%emt 0:01:42]} Ne7 {[%emt 0:00:41]} 26. e5 {[%emt 0:00:30]} Bg5 {[%emt 0:00:10]} 27. g3 {[%emt 0:04:43]} Bh6 {[%emt 0:07:27]} 28. Ra4 {[%emt 0:07:09]} Qb6 {[%emt 0:04:03]} 29. Ba3 {[%emt 0:03:10]} Nf5 {[%emt 0:06:31]} 30. Nxc6 {[%emt 0:00:46]} Re8 {[%emt 0:00:55]} 31. Qc4 {[%emt 0:03:44]} g6 {[%emt 0:00:59]} 1-0

[Event "ROU-chT Women Superliga 2018"]
[Site "Sovata"]
[Date "2018.11.27"]
[Round "3"]
[White "Ionica, Iulia-Ionela"]
[Black "Sgircea, Silvia-Raluca"]
[Result "1/2-1/2"]
[WhiteElo "2139"]
[BlackElo "2259"]
[Annotator "TA"]
[PlyCount "116"]
[EventDate "2018.11.24"]
[EventType "team-tourn"]
[EventCountry "ROU"]
[SourceTitle "playchess.com"]
[Source "ChessBase"]
[SourceQuality "1"]

{[%evp 16,116,0,-18,-8,-29,-27,-57,-31,-45,-32,-88,-81,-81,-73,-65,-64,-125,-126,-137,-135,-173,-159,-166,-166,-145,-147,-153,-133,-244,-204,-197,-212,-230,-154,-132,-120,-179,-156,-258,-248,-226,-60,-62,-44,-269,-127,-134,-124,-135,-139,-118,-118,-168,-164,-132,-132,-120,-60,-111,-62,-67,-55,-47,-64,-63,0,-30,11,0,6,5,8,8,54,60,45,0,0,0,0,0,0,0,0,0,0,0,0,0,0,0,0,0,0,0,8,0,8,0,8,0,0]} 1. e4 c5 2. Nc3 g6 3. f4 Bg7 4. Nf3 Nc6 5. Bc4 d6 6. O-O e6 7. d3 Nge7 8. Qe1 O-O 9. Qh4 a6 {B23: Closed Sicilian: Lines without g3} (9... d5 10. Bb3 Nd4 11. Nxd4 cxd4 12. Nd1 dxe4 13. dxe4 Nc6 14. Qxd8 Rxd8 15. Bd2 a5 16. a4 b6 17. Nf2 {½-½ (35) Gormally,D (2495)-Gordon,S (2533) Leeds 2012}) 10. f5 gxf5 11. Bh6 {White wants to play Ng5.} f6 $146 {Black is slightly better.} ({Predecessor:} 11... Ng6 12. Qh5 Qf6 13. Bg5 Nf4 14. Bxf4 e5 15. Bg5 Qg6 16. Qxg6 hxg6 17. Nd5 {1-0 (64) Christy,R (1205)-Van Heerden,D (1316) Canberra 2001}) 12. Qg3 {[%csl Gh6][%cal Rg3g7]} Rf7 13. Nh4 (13. a4 $15) 13... Kh8 $17 14. Bf4 b5 15. Bb3 Nd4 $1 {White must now prevent ...b4.} 16. Rae1 ({Reject} 16. Bxd6 b4 $17) (16. Be3 $1 $15) 16... Nxb3 17. axb3 {[#]} e5 $1 $36 {[%cal Re5f4][%mdl 2048] Black has strong initiative.} 18. Bd2 {[%cal Re4f5]} f4 19. Qf3 Qg8 20. Kh1 Bh6 21. Qh5 Qg7 22. Qf3 (22. Nf5 $17 {keeps fighting.} Nxf5 23. exf5) 22... Bg4 23. Qf2 b4 24. Na4 f5 25. Nb6 Rd8 26. Nf3 (26. c3 $17 {was called for.}) 26... Rf6 27. Ra1 (27. Nc4 $17) 27... fxe4 $19 28. dxe4 Bxf3 $2 (28... d5 $19 29. Nxd5 Nxd5 30. exd5 e4) 29. gxf3 $15 Rg6 30. Rxa6 $2 {[#]} (30. Rg1 $15) 30... Rg8 (30... d5 $1 $19 {is more deadly. Threatens to win with ...dxe4.} 31. Ra8 Rxa8 32. Nxa8 dxe4 33. fxe4 Rc6) 31. Ra8 $17 Rxa8 32. Nxa8 Nc8 33. Ra1 Bg5 34. Qe2 Bd8 35. c3 bxc3 36. Bxc3 Qd7 (36... Na7 $17 {Strongly threatening ...Nc6.} 37. Qa6 Qd7) 37. Qd2 (37. Qd3 $15) 37... Bf6 38. b4 Qh3 39. Qe2 cxb4 40. Bxb4 Bh4 ({Black should try} 40... Rg7 $15) 41. Rg1 Rg3 42. Rxg3 fxg3 43. Nc7 gxh2 44. Qg2 Qg3 45. Qxg3 Bxg3 $14 {[%mdl 4096] Endgame KBN-KBN} 46. Ne8 Kg8 $1 {The position is equal.} 47. Nf6+ Kf7 48. Nh5 ({Don't go for} 48. Nxh7 $2 Bf4 $19) 48... Bf2 {And now ...Kg6 would win.} 49. Kxh2 Ke6 50. Ng7+ Kf6 51. Ne8+ Ke7 52. Nc7 Kd7 53. Nd5 Kc6 54. Nf6 Kb5 55. Bd2 Nb6 56. Nxh7 Na4 57. Bc1 Bd4 58. Kh3 Bxb2 {Accuracy: White = 32%, Black = 49%.} 1/2-1/2